000 00430pab a2200169 454500
008 180718b2008 xxu||||| |||| 00| 0 eng d
100 _aChakrabarty, Dipesh
245 _aThe power of superstition in public life in India
260 _c2008
300 _ap.16-19.
362 _a17 May
650 _aSuperstition - India
650 _aSuperstition
773 _aEconomic and Political Weekly
908 _aN
909 _a78184
999 _c78184
_d78184